000 00285nam a22001337a 4500
008 170830b xxu||||| |||| 00| 0 eng d
020 _a076714003958
041 _aeng
080 _a070
100 _a40
101 _aMED
245 _aPUBLIC SPEAKING
_c CARNEGIE,D
942 _2udc
_cBK
999 _c25677
_d25677